| 000 | 00623nam a2200229Ia 4500 | ||
|---|---|---|---|
| 003 | OSt | ||
| 005 | 20220928102030.0 | ||
| 006 | a|||||r|||| 00| 0 | ||
| 007 | ta | ||
| 008 | 220927b |||||||| |||| 00| 0 eng d | ||
| 024 | _a75814 | ||
| 037 | _cTextual | ||
| 040 |
_aSDCL _cSDCL _beng |
||
| 041 |
_2eng _aeng |
||
| 082 | _aW691y7M18, L8 | ||
| 100 |
_aBanerjee Amritava _9396309 |
||
| 245 | 0 | _aHistorical materialism and political analysis . | |
| 260 |
_aCalcutta _bBagchi K P _c1978 |
||
| 300 |
_a139p _ccm. |
||
| 942 |
_hW691y7M18, L8 _cTEXL _2CC |
||
| 999 |
_c712015 _d712015 |
||